Match Em'! - Statistics

General Stats
  • This quiz has been taken 32 times
  • The average score is 7 of 10
Answer Stats
Hint Answer % Correct
Days in May 31
100%
Oldest human being of all time 122
95%
Letters in the English alphabet 26
95%
Simpsons episodes 790
82%
Beyonce age 43
68%
Ben & Jerry's ice cream flavors 54
64%
Giraffe weight (lbs) 1800
55%
NFL teams 32
55%
Lifespan of a tiger 15
41%
Calories in an egg 78
36%
No matching quizzes found
Score Distribution
Percent of People with Each Score
Percentile by Number Answered
Your Score History
You have not taken this quiz